Responses for Show #4392 - Tuesday, October 14, 2003

Sean Ryan game 5.

Contestants

[<< previous game]

Bridget Kirk, a homemaker from Wilmington, Delaware

David Kammerer, a college professor from Honolulu, Hawaii

Sean Ryan, a taxi driver, bartender, and student from State College, Pennsylvania (whose 4-day cash winnings total $73,598)

[next game >>]

Jeopardy! Round responses

"R"T
MISHEARD LYRICS
(Alex: You have to give the title of the song you will mishear.)
FOREIGN FOOD
LITERARY PLACES
HOAXES
BODY LANGUAGE
    $200 15
Renoir

Sean
    $200 1
"American Pie"

Sean
    $200 17
bread

Sean
    $200 26
Middle Earth

Sean
    $200 6
witches

Sean
    $200 11
your finger

David
    $400 18
Raphael

Sean
    $400 2
"Torn Between Two Lovers"

David
    $400 22
breakfast

Bridget
    $400 27
Wuthering Heights

Bridget
    $400 7
the BBC

Sean
    $400 12
(Alex: Quit, stepped down or was forced out.)

left the job

Triple Stumper
    $600 19
Rococo

Sean
    $600 3
"Born to Be Wild"

David
    $600 23
green

Bridget
    $600 28
Babar

Bridget
    $600 8
crop circles

David
    $600 13
(Sean: What is hoof-and-mouth?)

foot-and-mouth

SeanDavid
    $800 20
Rembrandt

Sean
    $800 4
(David: [*].)
(Alex: Remember your phrasing.)
(David: What is [*]?)
(Alex: I remind you in the first round, but not the second.)

"It's A Family Affair"

David
    $800 24
(Alex: Minute to go now, Bridget.)

enchilada

Triple Stumper
    $800 29
Joseph Conrad

David
    $800 9
mermaid

Sean
    $1,000 14
(David: You get love handles...what are you get love handles?)

bellyache

David
    $1000 21
(Bridget: What is Rubenesque... [*]?)

Rubens

Bridget
    $1000 5
(Bridget: What is "Dream?")
(Sean: What is "Wake Up Little Susie?")
(David: What is "Dream, Dream, Dream?")

"All I Have to Do is Dream"

SeanDavidBridget
Triple Stumper
    $1000 25
au gratin

Triple Stumper
    $1000 30
The Mosquito Coast

Sean
    $1000 10
giants

David
    $1000 16
shoulder

Bridget

Scores at the first commercial break (after clue 14):

Sean David Bridget
$0 $2,200 -$1,000

Scores at the end of the Jeopardy! Round:

Sean David Bridget
$3,400 $3,000 $3,000

Double Jeopardy! Round responses

1970s TV
THE WALTONS
KUNG FU
THREE'S COMPANY
GOOD "TIME"s
WELCOME BACK, QATAR
    $400 1
Laverne & Shirley

Sean
    $400 6
Georgia

Sean
    $400 11
crane

Sean
    $400 16
(1 of 3) John Adams, Ronald Reagan or Herbert Hoover

Triple Stumper
    $400 26
time capsule

Bridget
    $400 21
Arabic

Sean
    $800 2
Kunta Kinte

David
    $800 7
Queen Elizabeth II's coronation

Sean
    $800 12
(Alex: It's a sauce.)

Hoi Sin

Sean
    $1,000 17
trivia

Sean
    $800 27
Times Square

Sean
    $800 22
the Persian Gulf

Sean
    $1200 3
Isis

Bridget
    $1200 8
Sam Walton

Sean
    $1200 13
praying mantis

David
    $1200 18
The Three Musketeers

Sean
    $1200 28
Modern Times

David
    $1200 23
emir

David
    $1600 4
The Paper Chase

David
    $1600 9
Izaak Walton

Triple Stumper
    $1600 14
"Kung Fu Fighting"

David
    $1600 19
Mitsubishi

Sean
    $1600 29
Hard Times

Bridget
    $3,000 24
(Alex: With one minute to go.)

Al Jazeera

David
    $2000 5
(Sean: What are The Bugaboos?)

The Bugaloos

Sean
Triple Stumper
    $2000 10
particle accelerator

Sean
    $2000 15
the Boxer Rebellion

Sean
    $2000 20
tricorn

Sean
    $2000 30
time signature

David
    $2000 25
Doha

Triple Stumper

Scores at the end of the Double Jeopardy! Round:

Sean David Bridget
$17,200 $15,600 $6,200

[wagering suggestions for these scores]

Final Jeopardy! Round responses

ANCIENT TEXTS
(Alex: Some mortuary text to aid & protect the dead in the hereafter.)
BridgetWhat are the Dead Sea Scrolls?
$6,199
DavidWhat is the Apocrypha
$3,199
SeanWHAT is The Book of the Dead?
$15,000
The Book of the Dead

Final scores:

Sean David Bridget
$32,200 $12,401 $1
5-day champion: $105,798 2nd place: $2,000 3rd place: $1,000

Game dynamics:

Coryat scores:

Sean David Bridget
$17,000 $15,200 $6,200
26 R
(including 1 DD),
3 W
16 R
(including 1 DD),
2 W
(including 1 DD)
9 R,
1 W

Combined Coryat: $38,400

[game clues] [game scores] [suggest correction]

Game tape date: 2003-08-04
The J! Archive is created by fans, for fans. Scraping, republication, monetization, and malicious use prohibited; this site may use cookies and collect identifying information. See terms. The Jeopardy! game show and all elements thereof, including but not limited to copyright and trademark thereto, are the property of Jeopardy Productions, Inc. and are protected under law. This website is not affiliated with, sponsored by, or operated by Jeopardy Productions, Inc. Join the discussion at JBoard.tv.